000 01326nam a2200241Ia 4500
001 10526
003 GE_BSU
008 181216s||||||||xx |||||||||||||| ||und||
020 _a9789941203060
040 _cGE_BSU
080 _a624.011.1(076.5)
100 _aხმელიძე,თ. მ. მოდებაძე, ფ. ვერულაშვილი [და სხვ.]
245 _aმერქნის სიმტკიცის მახასიათებლების დადგენა : ხისა და პლასტმასის სამშენებლო კონსტრუქციები
245 _bმეთოდ. მითითებები ლაბორატორიული სამუშაოების შესასრულებლად
260 _aთბილისი
260 _bტექნიკური უნ–ტი
260 _c2013
300 _a36გვ.ცხრ.ნახ.28სმ.
300 _eბიბლიოგრ. გვ. 34
541 _h8ლ.
653 _aმერქნის სიმტკიცის მახასიათებლების დადგენა : ხისა და პლასტმასის სამშენებლო კონსტრუქციები
942 _cBK
999 _c43781
_d43781